000 00246nam a2200097Ia 4500
001 684968
005 20250826161508.0
008 250824s9999 xx 000 0 und d
245 0 _aGENİŞ ZAMANLAR/A.KULİN/EVEREST
_cAYŞE KULİN
260 _bEVEREST
999 _c684968
_d684968